Ο Οδηγός της Microsoft για το Microsoft PowerPoint 4 for Windows (Record no. 3513)
[ view plain ]
| 000 -LEADER | |
|---|---|
| fixed length control field | 01038cam a22001934a 4500 |
| 005 - ΗΜΕΡΟΜΗΝΙΑ ΚΑΙ ΩΡΑ ΤΕΛΕΥΤΑΙΑΣ ΕΝΗΜΕΡΩΣΗΣ | |
| Πεδίο ελέγχου | 20250605164117.0 |
| 008 - FIXED-LENGTH DATA ELEMENTS--GENERAL INFORMATION | |
| Πεδίο ελέγχου σταθερού μήκους | 250528s ||||||||||||||||||||||||d |
| 035 ## - SYSTEM CONTROL NUMBER | |
| System control number | 18132 |
| 020 ## - ISBN | |
| ISBN | 9603320269 |
| 040 ## - ΠΗΓΗ ΚΑΤΑΛΟΓΟΓΡΑΦΗΣΗΣ | |
| Φορέας πρωτότυπης καταλογογράφησης | MC Athens Campus Library |
| Γλώσσα καταλογογράφησης | Ελληνικά, Μοντέρνα (1453-) |
| Modifying agency | MC Athens Campus Library |
| Κανόνες περιγραφικής καταλογογράφησης | AACR2 |
| 245 1# - ΤΙΤΛΟΣ ΚΑΙ ΔΗΛΩΣΗ ΥΠΕΥΘΥΝΟΤΗΤΑΣ | |
| Τίτλος | Ο Οδηγός της Microsoft για το Microsoft PowerPoint 4 for Windows |
| 260 ## - PUBLICATION, DISTRIBUTION, ETC. | |
| Name of publisher, distributor, etc. | Microsoftpress, |
| Date of publication, distribution, etc. | 1994 |
| 300 ## - PHYSICAL DESCRIPTION | |
| Extent | 520 |
| 520 ## - SUMMARY, ETC. | |
| Summary, etc. | Κατανοητός και Ευανάγνωστος, Χρήσιμες Σημειώσεις και Συμβουλές, Εκατοντάδες Παραδείγματα, Πρακτικές Οδηγίες. Εισαγωγή, Εισαγωγή στο PowerPoint, Δημιουργία της Βασικής Παρουσίασης, Τροποποίηση της Παρουσίασης, Προσθήκη Σχολίων και Γραφικών, Παρουσίαση με το PowerPoint, Πρχωρημένο PowerPoint, Ευρετήριο. |
| 700 1# - ΠΡΟΣΘΕΤΗ ΑΝΑΓΡΑΦΗ--ΦΥΣΙΚΟ ΠΡΟΣΩΠΟ | |
| Personal name | Sagman Stephen W |
| 9 (RLIN) | 4422 |
| 942 ## - ADDED ENTRY ELEMENTS (KOHA) | |
| Koha item type | Books |
| Τύπος τεκμηρίου | Βιβλιοθήκη | Τρέχουσα τοποθεσία | Barcode | Αριθμός εισαγωγής | Ημερομηνία απόκτησης | Ταξιθετικό σύμβολο | Αριθμός αντιτύπου | Κατάσταση απόσυρσης | Κατάσταση χαμένου | Κατάσταση κατεστραμμένου | Μη δανεισμός | Σύνολο δανεισμών | Ημερομηνία τελευταίας εμφάνισης | Η τιμή ισχύει από |
|---|---|---|---|---|---|---|---|---|---|---|---|---|---|---|
| Books | MC Athens Campus Library | MC Athens Campus Library | 9780000035127 | 2326 | 05/06/2025 | 005.43 SAG | 1 | 05/06/2025 | 05/06/2025 |